000 00815cam a2200289I 4500
001 25592
003 BD-RjUL
005 20211209050912.0
008 140318r19611960uk a 000 0beng u
035 _aMITb10788912
035 _a(OCoLC)01084188
_a(BD-RjUL)25662
040 _cIAU
_dOCL
_dMYG
_aBD-RjUL
_beng
041 _aeng
082 _a923.135
_bLAC 1961
090 _aDS282
_b.L3x
100 1 _aLamb, Harold.
_d1892-1962.
_967960
245 1 0 _aCyrus the Great /
_c Harold Lamb.
250 _a[1st ed.]
260 _aLondon :
_bRobert Hale Ltd.
_c1960. [Reprint-1961]
300 _a224 p.
_bill.
_c22 cm.
504 _aIncludes index.
600 0 0 _aCyrus,
_cKing of Persia,
_d-529 or 530 B.C.
_978667
942 _2ddc
_cBK
949 _ax
_p39080009901866
999 _c25592
_d25592